00679nam a2200181Ia 4500008004100000020001800041041000800059082001700067100003000084245005700114260002500171300000800196365001600204700003000220906005500250999001900305952017300324230718s9999 xx 000 0 und d a9789351777519 aeng a320.954bKAN aKanwal G.(Editor)9199734 aThe New Arthashastra bA Security Strategy For India c2016bHarper Collins a436 cRs.b799.00 aKanwal G.(Editor)9199734 dO:0365219-Dec-2016B:259113-Dec-2016cGENRLb175.78 c343826d343826 00104070aCCEPbCCEPd2016-12-30eTechnical Book ServicesfGENRLg623.22i2591l0o320.954pCCEP-BK-55033r2023-07-18 00:00:00t175.78v799.00w2016-12-13yBKz055033